000 01071nam a2200217Ii 4500
003 JO-AjNU
008 230605s9999||||xx |||||||||||||| ||und||
017 _a1999/3073
020 _a9960-693-39-2
040 _aJO-AjNU
_bara
_erda
_cJO-AjNU
041 _aara
050 1 4 _aDS248.M4.H912512 1999
100 3 _aتاليف هورخرونيه، ك. سنوك؛ تعريب علي عودة الشيوخ؛ اعداد وتعليق محمد محمود السرياني ، اعداد وتعليق معراج نواب مزرا؛ مراجعة محمد ابراهيم علي,
_eauthor
_956929
245 0 0 _aصفحات من تاريخ مكة المكرمة: دراسة تفصيلية للأوضاع الاجتماعية في نهاية القرن الثالث عشر الهجري، ج2
264 3 1 _aالرياض: دار الملك عبد العزيز، 1999
300 _aج2، 721ص
336 _atext
_btxt
_2rdacontent
337 _aunmediated
_bn
_2rdamedia
338 _avolume
_bnc
_2rdacarrier
650 4 _aمكة المكرمة - تاريخ - رحلات ووصف
_956930
999 _aA25481
_c29049
_d29049